| 000 | 00436nam a22001577a 4500 | ||
|---|---|---|---|
| 003 | BD-ChCU | ||
| 005 | 20260203092555.0 | ||
| 008 | 260203b bg ||||| |||| 00| 0 ben d | ||
| 040 | _cBD-ChCU | ||
| 082 | _a330.19355 TAO | ||
| 100 |
_aTalbot , Frederick A. _920020 |
||
| 245 |
_aThe oil conquest of the world ./ _cFrederick A , Talbot . |
||
| 260 |
_aPhiladelphia : _bLippincott , _cC 1914 |
||
| 300 | _ax , 310p | ||
| 942 |
_2ddc _cBK _n0 |
||
| 999 |
_c111440 _d111440 |
||